Význam predmetu "Psychohygiena v práci učiteľa" v príprave študentov učiteľstva odborných ekonomických predmetov

Identifikácia faktorov a zdrojov stresu v učiteľskom povolaní. Spôsoby efektívneho vzdelávania vo výučbe na vysokej škole a adaptácia na celkové sociálne a životné prostredie.

Saved in:
Bibliographic Details
Main Author: Chmelárová, Zuzana, 1967-
Format: Book Chapter
Language:Slovak
Subjects:
Tags: Add Tag
No Tags, Be the first to tag this record!

MARC

LEADER 00000nla a2200000 4500
001 0195603
005 20240530085513.0
041 0 |a slo 
044 |a SK 
245 1 0 |a Význam predmetu "Psychohygiena v práci učiteľa" v príprave študentov učiteľstva odborných ekonomických predmetov  |c Zuzana Chmelárová 
520 |a Identifikácia faktorov a zdrojov stresu v učiteľskom povolaní. Spôsoby efektívneho vzdelávania vo výučbe na vysokej škole a adaptácia na celkové sociálne a životné prostredie. 
610 2 0 |a povolania 
610 2 0 |a učitelia 
610 2 0 |a náročnosť profesionálna 
610 2 0 |a hygiena duševná 
610 2 0 |a stresy 
610 2 0 |a vzdelávanie vysokoškolské 
610 2 0 |a výučba vedecká 
100 1 |a Chmelárová, Zuzana, 1967-